000
00301nam a22001457a 4500
008
230911b ||||| |||| 00| 0 eng d
020
_a
0716717549
041
_a
eng
080
_a
61
082
_a
61WOL
100
_a
4
101
_a
MJKP
245
_a
THE MIND'S EYE
_c
WOLFE.M.J
942
_2
udc
_c
BK
999
_c
60312
_d
60312